Beiträge zur Anwendung mathematischer Methoden in der Ökonomie
Saved in:
| Format: | Book |
|---|---|
| Language: | German |
| Published: |
Berlin
Hochschule für Ökonomie "Bruno Leuschner"
1985
|
| Series: | Informationsverarbeitung und Statistik
Heft 3/85 (10) |
| Tags: |
No Tags, Be the first to tag this record!
|
MARC
| LEADER | 00000nam a2200000 4500 | ||
|---|---|---|---|
| 001 | c104424 | ||
| 005 | 20041019155131.9 | ||
| 041 | 0 | |a ger | |
| 044 | |a DE | ||
| 245 | 1 | 0 | |a Beiträge zur Anwendung mathematischer Methoden in der Ökonomie |
| 264 | 1 | |a Berlin |b Hochschule für Ökonomie "Bruno Leuschner" |c 1985 | |
| 300 | |a 125 s. | ||
| 490 | 1 | |a Informationsverarbeitung und Statistik |v Heft 3/85 (10) | |
| 830 | 0 | |a Informationsverarbeitung und Statistik |v Heft 3/85 (10) | |